Geography Quiz

Random Geography or World Quiz

FATF 2019 Grey List Quiz Stats

 Plays Quiz not verified by Sporcle

Support Sporcle.
Go Orange.
Score 0/12 Timer 10:00
0 Plays Today
% Correct
Pakistan
100%
Bahamas
66.7%
Panama
66.7%
Yemen
66.7%
Zimbabwe
66.7%
Iran
66.7%
North Korea
66.7%
Iceland
33.3%
Botswana
33.3%
Cambodia
33.3%
Ghana
33.3%
Trinidad & Tobago
33.3%

You're not logged in!

Compare scores with friends on all Sporcle quizzes.
OR
Log In

From the Vault

6-Letter 'FF' Words

by Flick

You might find this quiz to be a favorite by the end.
Remove Ads.
Support Sporcle.
Get the best of Sporcle when you Go Orange. This ad-free experience offers more features, more stats, and more fun while also helping to support Sporcle. Thank you for becoming a member.

Show Comments

Extras

Created Feb 19, 2020ReportNominate
Tags:World Quiz

Top Quizzes Today


Score Distribution

Your Account Isn't Verified!

In order to create a playlist on Sporcle, you need to verify the email address you used during registration. Go to your Sporcle Settings to finish the process.

Report this User

Report this user for behavior that violates our Community Guidelines.

Details: